<?xml version="1.0" encoding="UTF-8"?>
<record
    xmlns:xsi="http://www.w3.org/2001/XMLSchema-instance"
    xsi:schemaLocation="http://www.loc.gov/MARC21/slim http://www.loc.gov/standards/marcxml/schema/MARC21slim.xsd"
    xmlns="http://www.loc.gov/MARC21/slim">

  <leader>04760nam a22002777a 4500</leader>
  <controlfield tag="003">OSt</controlfield>
  <controlfield tag="005">20231006120812.0</controlfield>
  <controlfield tag="008">231004s2022    ag ||||| |||| 00| 0 spa d</controlfield>
  <datafield tag="020" ind1=" " ind2=" ">
    <subfield code="a">9789877642537</subfield>
  </datafield>
  <datafield tag="040" ind1=" " ind2=" ">
    <subfield code="c">besoc</subfield>
  </datafield>
  <datafield tag="245" ind1="1" ind2="0">
    <subfield code="a">Historia 2 :</subfield>
    <subfield code="b">Am&#xE9;rica y Europa entre los siglos XIV y XVIII /</subfield>
    <subfield code="c">Daniela Acher ... [et al]</subfield>
  </datafield>
  <datafield tag="260" ind1=" " ind2=" ">
    <subfield code="a">Buenos Aires :</subfield>
    <subfield code="b">Puerto de Palos,</subfield>
    <subfield code="c">2022</subfield>
  </datafield>
  <datafield tag="300" ind1=" " ind2=" ">
    <subfield code="a">256 p.</subfield>
  </datafield>
  <datafield tag="490" ind1=" " ind2=" ">
    <subfield code="a">Nuevo activados</subfield>
  </datafield>
  <datafield tag="505" ind1=" " ind2=" ">
    <subfield code="a">Bloque I. Am&#xE9;rica, Europa y el comienzo de la dominaci&#xF3;n colonial -- Cap. 1. Los pueblos originarios de Am&#xE9;rica -- La diversidad de la Am&#xE9;rica precolombina -- El imperio Azteca -- Las ciudades-Estado mayas -- El Imperio Inca -- Los pueblos originarios del actual territorio argentino --  Cap. 2. Europa Occidental en la Baja Edad Media -- &#xBF;Qu&#xE9; es la edad media? -- El orden feudal -- La expansi&#xF3;n y el comercio -- La ciudad medieval -- La vida religiosa en las ciudades -- La crisis del siglo XIV --  Cap. 3. El Renacimiento europeo -- El Renacimiento de la Antig&#xFC;edad cl&#xE1;sica -- La expansi&#xF3;n del Renacimiento -- El desarrollo de las ciencias y las artes -- El arte del renacimiento --  Cap. 4. Los Viajes de Exploraci&#xF3;n de los europeos -- La expansi&#xF3;n comercial europea -- Los nuevos saberes -- Los viajes de exploraci&#xF3;n -- Espa&#xF1;a y los viajes de Col&#xF3;n -- Otros viajes de exploraci&#xF3;n --  Cap. 5. La Conquista de Am&#xE9;rica -- Los inicios de la conquista -- El derrumbe de los grandes imperios -- Causas y consecuencias de la victoria de los europeos -- Exploraci&#xF3;n y colonizaci&#xF3;n del actual territorio argentino --  Cap. 6. Estado y religi&#xF3;n de la Europa del siglo XVI -- La crisis de la iglesia cat&#xF3;lica -- La contrarreforma -- Las guerras de religi&#xF3;n -- Un continente en crisis --  Cap. 7. El absolutismo mon&#xE1;rquico europeo -- Las monarqu&#xED;as absolutistas -- Mercantilismo y ascenso de la burgues&#xED;a -- Espa&#xF1;a y Francia, dos casos contrapuestos -- Inglaterra, el fracaso del absolutismo -- El barroco --  Cap. 8. La Am&#xE9;rica colonial espa&#xF1;ola -- La organizaci&#xF3;n pol&#xED;tica colonial -- Las autoridades del gobierno colonial -- La econom&#xED;a colonial -- Formas de trabajo colonial -- La situaci&#xF3;n de los ind&#xED;genas --  Cap. 9. Otros Imperios Coloniales -- Los portugueses en Brasil -- Los ingleses en Am&#xE9;rica del Norte -- Franceses y holandeses en Am&#xE9;rica -- Los enfrentamientos coloniales --  Cap. 10. La iglesia cat&#xF3;lica en la sociedad hispano colonial -- La iglesia cat&#xF3;lica en Am&#xE9;rica -- La evangelizaci&#xF3;n -- Las misiones jesuitas -- La iglesia en la cultura colonial -- Cap. 11. Cultura y sociedad en la Hispanoam&#xE9;rica colonial -- La sociedad colonial -- Un mundo de intercambios -- Las im&#xE1;genes coloniales --  Cap. 12. La ilustraci&#xF3;n y el despotismo ilustrado -- Una nueva actitud hacia el conocimiento -- Un nuevo pensamiento pol&#xED;tico -- Un nuevo pensamiento econ&#xF3;mico -- El despotismo ilustrado --  Cap. 13. La Primera Revoluci&#xF3;n Industrial -- Las condiciones previas a la Revoluci&#xF3;n Industrial -- Un nuevo modo de producci&#xF3;n -- La supremac&#xED;a industrial de Gran Breta&#xF1;a -- Los conflictos sociales --  Cap. 14. La independencia de Estados Unidos -- Las colonias inglesas en Am&#xE9;rica -- Nueva pol&#xED;tica colonial y reacci&#xF3;n de los colonos -- La guerra de la Independencia y la organizaci&#xF3;n del Estado -- Cap. 15. La Revoluci&#xF3;n Francesa y las guerras napole&#xF3;nicas -- Francia en el siglo XVIII -- La Asamblea Nacional Constituyente -- Monarqu&#xED;a, Republica y Directorio -- El ascenso de Napole&#xF3;n.-</subfield>
  </datafield>
  <datafield tag="520" ind1=" " ind2=" ">
    <subfield code="a">Nuevo Activados Historia 2 es un proyecto para la secundaria b&#xE1;sica que incluye los contenidos y recursos necesarios para la formaci&#xF3;n del estudiante del siglo XXI: actividades para ejercitar la comprensi&#xF3;n lectora, uso de herramientas para aprender y desarrollo de capacidades. Adem&#xE1;s, autoevaluaciones e instancias para reflexionar sobre lo aprendido (metacognici&#xF3;n). Espacios de dialogo entre &#xE1;reas para interrelacionar los temas curriculares con otras disciplinas. Adem&#xE1;s, una secci&#xF3;n especial de proyectos (aprendizaje Basado en Proyectos), secciones y actividades sobre Educaci&#xF3;n Sexual Integral (ESI) que contemplan distintos ejes de trabajo de esta tem&#xE1;tica. Secci&#xF3;n especial Atlas hist&#xF3;rico con mapas que complementan la propuesta de los distintos cap&#xED;tulos. Recursos TIC para un uso significativo de las nuevas tecnolog&#xED;as. [Nota del editor]</subfield>
  </datafield>
  <datafield tag="654" ind1=" " ind2="4">
    <subfield code="a">Historia</subfield>
    <subfield code="z">Am&#xE9;rica</subfield>
    <subfield code="z">Europa</subfield>
    <subfield code="v">Libros de texto</subfield>
    <subfield code="x">Educaci&#xF3;n secundaria</subfield>
  </datafield>
  <datafield tag="700" ind1="1" ind2=" ">
    <subfield code="a">Acher, Daniela</subfield>
    <subfield code="e">autor</subfield>
  </datafield>
  <datafield tag="700" ind1="1" ind2=" ">
    <subfield code="a">Maurizio, Paola</subfield>
    <subfield code="e">autor</subfield>
  </datafield>
  <datafield tag="700" ind1="1" ind2=" ">
    <subfield code="a">Minutella, Eduardo</subfield>
    <subfield code="e">autor</subfield>
  </datafield>
  <datafield tag="700" ind1="1" ind2=" ">
    <subfield code="a">Galliano, Alejandro</subfield>
    <subfield code="e">autor</subfield>
  </datafield>
  <datafield tag="700" ind1="1" ind2=" ">
    <subfield code="a">&#xC1;lvarez, Mar&#xED;a Noel</subfield>
    <subfield code="e">autor</subfield>
  </datafield>
  <datafield tag="700" ind1="1" ind2=" ">
    <subfield code="a">Heredia, Berenice</subfield>
    <subfield code="e">autor</subfield>
  </datafield>
  <datafield tag="700" ind1="1" ind2=" ">
    <subfield code="a">Trobo, Mar&#xED;a In&#xE9;s</subfield>
    <subfield code="e">autor</subfield>
  </datafield>
  <datafield tag="942" ind1=" " ind2=" ">
    <subfield code="2">udc</subfield>
    <subfield code="c">LPD</subfield>
    <subfield code="n">0</subfield>
  </datafield>
  <datafield tag="999" ind1=" " ind2=" ">
    <subfield code="c">97</subfield>
    <subfield code="d">97</subfield>
  </datafield>
  <datafield tag="952" ind1=" " ind2=" ">
    <subfield code="0">0</subfield>
    <subfield code="1">0</subfield>
    <subfield code="2">udc</subfield>
    <subfield code="4">0</subfield>
    <subfield code="7">0</subfield>
    <subfield code="8">CG</subfield>
    <subfield code="a">ESOCIALES</subfield>
    <subfield code="b">ESOCIALES</subfield>
    <subfield code="d">2023-10-06</subfield>
    <subfield code="l">0</subfield>
    <subfield code="o">94(7+8) H673</subfield>
    <subfield code="p">000798</subfield>
    <subfield code="r">2023-10-06 00:00:00</subfield>
    <subfield code="w">2023-10-06</subfield>
    <subfield code="y">LPD</subfield>
  </datafield>
</record>
